Central Library OPAC University of Rajshahi

Development of agricultural marketing in Bangladesh / (Record no. 5450)

MARC details
000 -LEADER
fixed length control field 00934nam a2200277 i 4500
001 - CONTROL NUMBER
control field 5450
003 - CONTROL NUMBER IDENTIFIER
rucl marc code BD-RjUL
005 - DATE AND TIME OF LATEST TRANSACTION
control field 20211208234053.0
008 - FIXED-LENGTH DATA ELEMENTS--GENERAL INFORMATION
fixed length control field 131226s1973 bg b 000 0 eng d
035 ## - SYSTEM CONTROL NUMBER
System control number (BD-RjUL)5486
040 ## - CATALOGING SOURCE
Original cataloging agency DLC
Transcribing agency DLC
Modifying agency DLC
-- BD-RjUL
Language of cataloging eng
041 ## - LANGUAGE CODE
Language code of text/sound track or separate title eng
082 00 - DEWEY DECIMAL CLASSIFICATION NUMBER
Classification number 381.41095492
Author mark and year MAD 1973
100 2# - MAIN ENTRY--PERSONAL NAME
Personal name Mahmudur Rahman, Khandker.
9 (RLIN) 17102
245 10 - TITLE STATEMENT
Title Development of agricultural marketing in Bangladesh /
Statement of responsibility, etc. Khandker Mahmudur Rahman.
260 ## - PUBLICATION, DISTRIBUTION, ETC. (IMPRINT)
Place of publication, distribution, etc. Comilla :
Name of publisher, distributor, etc. Bangladesh Academy for Rural Development,
Date of publication, distribution, etc. 1973.
300 ## - PHYSICAL DESCRIPTION
Pagination iii, 135 p. ;
Size 22 cm.
500 ## - GENERAL NOTE
General note Originally presented as the author's thesis (M.S.), Michigan State University, 1970.
General note Tk15.00
504 ## - BIBLIOGRAPHY, ETC. NOTE
Bibliography, etc Bibliography: p. 127-135.
650 #0 - SUBJECT ADDED ENTRY--TOPICAL TERM
Topical term or geographic name as entry element Produce trade
Geographic subdivision Bangladesh.
9 (RLIN) 17103
Topical term or geographic name as entry element Farm produce
Geographic subdivision Bangladesh
General subdivision Marketing.
9 (RLIN) 17104
942 ## - ADDED ENTRY ELEMENTS (KOHA)
Source of classification or shelving scheme Dewey Decimal Classification
Koha item type Books
Holdings
Lost status Source of classification or shelving scheme Damaged status Not for loan Collection code Permanent Location Current Location Shelving location Date acquired Source of acquisition Total Checkouts Full call number Date last seen Copy number Koha item type
  Dewey Decimal Classification   Not For Loan Non-fiction Central Library, University of Rajshahi Central Library, University of Rajshahi   29/04/1974 Bangladesh Academi   381.41095492 MAD 1973 26/12/2013 C-1 Books